000 00528nam a2200181Ia 4500
008 240925s9999 xx 000 0 und d
020 _a9781259026713
082 _a658.4038011 OBR
100 _aBrien, James A.O; Behl Ramesh; Marakas, George M.
245 0 _aManagement Information System
250 _a10th
260 _aNew Delhi:
_bMcGraw Hill Education (India) Private Limited
_cNA
300 _axiv, 593p.
_bN.A
_fOriginal
500 _aIncludes Index
600 _aManagement
650 _aManagement
942 _cBK
999 _c12383
_d12383